| 000 | 01317nam a2200265 a 4500 | ||
|---|---|---|---|
| 001 | 000276990 | ||
| 005 | 20250331184355.0 | ||
| 006 | a 000 0 | ||
| 007 | ta | ||
| 008 | 030320s2000 fr 000 0 spa d | ||
| 040 |
_aCO-CtgCURN _bspa _ccoctgcurn |
||
| 082 | 0 | 4 |
_a305.56 _bV649v _221 |
| 245 | 0 | 0 |
_aVidas y oficios de pobladores del Alto Sinú : _btestimonios / _ccomp. Victor Negrete Barrera ; Corporación Universitaria del Sinú ; Corporación Autónoma Regional de los Valles del Sinú y del San jorge, CVS ; Fondo Mixto para la Promoción de la Cultura y las Artes de Cordoba. |
| 260 |
_aMontería : _bCorporación Universitaria del Sinú, _c2000. |
||
| 300 |
_a131 p. : _bil. |
||
| 650 | 1 | 4 |
_aAntropología cultural _zAlto Sinú _zColombia. _2LEMB |
| 650 | 1 | 4 |
_aAntropología social _zAlto Sinú _zColombia. _2LEMB |
| 651 | 4 |
_aAlto Sinú (Colombia) _xHistoria _xAnécdotas _xVida social y costumbres. |
|
| 700 | 1 |
_aNegrete Barrera, Victor, _ecomp., _d1945- |
|
| 710 | 2 | _aCorporación Universitaria del Sinú. | |
| 710 | 2 | _aCorporación Autónoma Regional de los Valles del Sinú y del San jorge, CVS. | |
| 710 | 2 | _aFondo Mixto para la Promoción de la Cultura y las Artes de Cordoba. | |
| 942 |
_2ddc _cBK _h305.56 _iV649v |
||
| 999 |
_c17720 _d17720 |
||